<?xml version="1.0" encoding="UTF-8"?>
<record
    xmlns:xsi="http://www.w3.org/2001/XMLSchema-instance"
    xsi:schemaLocation="http://www.loc.gov/MARC21/slim http://www.loc.gov/standards/marcxml/schema/MARC21slim.xsd"
    xmlns="http://www.loc.gov/MARC21/slim">

  <leader>00496nam a2200145   4500</leader>
  <controlfield tag="008">708 P844u</controlfield>
  <datafield tag="020" ind1=" " ind2=" ">
    <subfield code="a">9968899119</subfield>
  </datafield>
  <datafield tag="082" ind1=" " ind2=" ">
    <subfield code="a">708</subfield>
    <subfield code="b">P844u</subfield>
  </datafield>
  <datafield tag="100" ind1=" " ind2=" ">
    <subfield code="a">Porter, Liliana</subfield>
    <subfield code="9">5326</subfield>
  </datafield>
  <datafield tag="245" ind1=" " ind2=" ">
    <subfield code="a">una "puesta en im&#xE1;genes"</subfield>
  </datafield>
  <datafield tag="260" ind1=" " ind2=" ">
    <subfield code="a">San Jos&#xE9;, Costa Rica</subfield>
    <subfield code="b">TEOR/&#xE9;Tica</subfield>
    <subfield code="c">2003</subfield>
  </datafield>
  <datafield tag="300" ind1=" " ind2=" ">
    <subfield code="a">24 p.</subfield>
    <subfield code="b">ill (col)</subfield>
    <subfield code="c">20 x 21,5 cm</subfield>
  </datafield>
  <datafield tag="650" ind1=" " ind2=" ">
    <subfield code="x">arte contempor&#xE1;neo</subfield>
    <subfield code="x">arte - exhibiciones</subfield>
    <subfield code="x">Argentina</subfield>
    <subfield code="x">arte - exhibici&#xF3;n - gr&#xE1;fica</subfield>
    <subfield code="9">6711</subfield>
  </datafield>
  <datafield tag="700" ind1=" " ind2=" ">
    <subfield code="a">Baker, Ken; P&#xE9;rez-Ratton, Virginia; Katzenstein, In&#xE9;s</subfield>
    <subfield code="9">6712</subfield>
  </datafield>
  <datafield tag="999" ind1=" " ind2=" ">
    <subfield code="c">1630</subfield>
    <subfield code="d">1630</subfield>
  </datafield>
  <datafield tag="952" ind1=" " ind2=" ">
    <subfield code="0">0</subfield>
    <subfield code="1">0</subfield>
    <subfield code="2">ddc</subfield>
    <subfield code="4">0</subfield>
    <subfield code="7">0</subfield>
    <subfield code="a">LV</subfield>
    <subfield code="b">LV</subfield>
    <subfield code="c">Colecci&#xF3;n Teor&#xE9;tica</subfield>
    <subfield code="d">2018-10-11</subfield>
    <subfield code="l">0</subfield>
    <subfield code="o">708 P844u</subfield>
    <subfield code="p">002390</subfield>
    <subfield code="r">2018-10-11 00:00:00</subfield>
    <subfield code="w">2018-10-11</subfield>
    <subfield code="y">01</subfield>
  </datafield>
  <datafield tag="952" ind1=" " ind2=" ">
    <subfield code="0">0</subfield>
    <subfield code="1">0</subfield>
    <subfield code="2">ddc</subfield>
    <subfield code="4">0</subfield>
    <subfield code="7">0</subfield>
    <subfield code="a">LV</subfield>
    <subfield code="b">LV</subfield>
    <subfield code="c">Colecci&#xF3;n Teor&#xE9;tica</subfield>
    <subfield code="d">2018-10-11</subfield>
    <subfield code="l">0</subfield>
    <subfield code="o">708 P844u</subfield>
    <subfield code="p">000946</subfield>
    <subfield code="r">2018-10-11 00:00:00</subfield>
    <subfield code="w">2018-10-11</subfield>
    <subfield code="y">01</subfield>
  </datafield>
</record>
